| 000 | 00575nam a2200181 a 4500 | ||
|---|---|---|---|
| 005 | 20240924065119.0 | ||
| 008 | 991125s1930 mx 000 0 spa u | ||
| 035 | _aUPN01000042807 | ||
| 049 | _aSEP | ||
| 050 | 4 |
_aL227 D671 _bM2.12 |
|
| 110 | 1 |
_aMéxico. _bDirección de Misiones Culturales _928111 |
|
| 245 | 1 | 0 |
_aOrganización escolar : _bconcluye / _cDirección de Misiones Culturales. |
| 260 |
_aMéxico : _bDirección de Misiones Culturales, _c[1930?]. |
||
| 300 | _a3 h. | ||
| 650 | 4 |
_aEducación a distancia _97924 |
|
| 650 | 4 |
_aEducación rural _99764 |
|
| 905 | _aLibro | ||
| 999 |
_c42807 _d42807 |
||